000 00477nam a2200133Ia 4500
003 GCL
008 140319s9999 xx 000 0 ara d
040 _aGCL /
_cGCL
082 0 4 _aم
_b415.1
_bع ك
100 1 _aعبدالسلام محمد هارون
245 1 0 _aكتاب سيبويه :
_bابى بشر عمرو بن عثمان بن قنبر /
_cعبدالسلام محمد هارون
260 _aبيروت :
_bدار الجيل ،
_c1991
300 _aمتعدد ؛
_c24 سم
999 _c59220
_d59220